000 00988nas a2200313 4500
001 BR0101544
003 BR-BrBNA
005 20231205102147.0
007 ta
008 230509b bl.|||p| |||| 00| 00por d
040 _aBR-BrBNA
_bpor
_cBiblioteca Nacional de Agricultura
041 _a(Pt)
072 _aP33
100 1 _aCosta, L.C.
100 1 _aFerreira, E.A.
100 1 _aSediyama, G.C.
100 1 _aMantovani, E.C.
100 1 _aCecon, P.R.
245 1 _aUso da funcao expolinear para analise do crescimento da cultura da soja em diferentes condicoes de disponibilidade de agua do solo
650 _aSoja
650 _aAgua do Solo
650 _aDisponibilidade de Agua
650 _aCrescimento
650 _aCondicao Ambiental
650 _aModelo Matematico
773 0 _tRevista Brasileira de Agrometeorologia (Brazil)
_xISSN 0104-1347
_g(Jul-Dec 1999), v. 7(2) p. 213-218
_wBR0101544
909 _a202311
_bLúcia
_c55
_dLúcia Elande
942 _2AGRIS
_n0
_cANA
999 _c166055
_d166055